| 000 | 01523nam a22003737a 4500 | ||
|---|---|---|---|
| 001 | 708520 | ||
| 003 | OSt | ||
| 005 | 20210426103354.0 | ||
| 008 | 970506s1997 cauab b s001 0aeng | ||
| 010 | _a 97019188 | ||
| 020 | _a0520213076 (cloth) | ||
| 040 |
_aDLC _cDLC _dDLC _beng |
||
| 041 | _aeng | ||
| 043 | _aa------ | ||
| 050 | 0 | 0 |
_aDS10 _b.W62 1997 |
| 080 |
_a94 _bW-83 |
||
| 082 | 0 | 0 |
_a938/.07/092 _221 |
| 100 | 1 |
_aWood, Michael, _d1948- |
|
| 245 | 1 | 0 |
_aIn the footsteps of Alexander the Great : _ba journey from Greece to Asia / _c/ by: University of California Press |
| 260 |
_aBerkeley : _bUniversity of California Press _c1997. |
||
| 300 |
_a256 p. _bill. (some col), maps ; _c26 cm. |
||
| 504 | _aIncludes bibliographical references (p. 244-248) and index. | ||
| 600 | 0 | 0 |
_aAlexander, _cthe Great, _d356 B.C.-323 B.C. _xTravel _zAsia. |
| 600 | 1 | 0 |
_aWood, Michael, _d1948- |
| 650 | 0 |
_aHistoric sites _zAsia. |
|
| 650 | 0 |
_aHistory _9252 |
|
| 651 | 0 |
_aAsia _xDescription and travel. |
|
| 653 | _aისტორია | ||
| 856 | 4 | 2 |
_3Contributor biographical information _uhttp://www.loc.gov/catdir/bios/ucal052/97019188.html |
| 856 | 4 | 2 |
_3Publisher description _uhttp://www.loc.gov/catdir/description/ucal042/97019188.html |
| 906 |
_a7 _bcbc _corignew _d1 _eocip _f19 _gy-gencatlg |
||
| 942 |
_2udc _cBK |
||
| 999 |
_c909 _d909 |
||